00359nam a2200109Ia 4500008004100000082000800041100001700049245006400066942000600130952009800136999001500234240331s9999 xx 000 0 und d bVED aVedavalli, L 0aSocio economic profile of Sri Lanka repatriates in Kotagiri cL 001040708LaWERCLbWERCLcSSCd2024-03-31l0o 304.68 VEDp4096r2024-03-31w2024-03-31yL c1452d1452